Working with management : (Record no. 2909)
[ view plain ]
| 000 -LEADER | |
|---|---|
| fixed length control field | nam a22 a 4500 |
| 003 - CONTROL NUMBER IDENTIFIER | |
| control field | AKMAL |
| 005 - DATE AND TIME OF LATEST TRANSACTION | |
| control field | 20170518152154.0 |
| 008 - FIXED-LENGTH DATA ELEMENTS--GENERAL INFORMATION | |
| fixed length control field | 170518s1994my 00 eng d |
| 040 ## - CATALOGING SOURCE | |
| Original cataloging agency | AKMAL |
| Transcribing agency | AKMAL |
| 082 04 - DEWEY DECIMAL CLASSIFICATION NUMBER | |
| Classification number | 651.3741 COO |
| Edition number | 22 |
| 090 00 - LOCALLY ASSIGNED LC-TYPE CALL NUMBER (OCLC); LOCAL CALL NUMBER (RLIN) | |
| Classification number (OCLC) (R) ; Classification number, CALL (RLIN) (NR) | 651.3741 |
| Local cutter number (OCLC) ; Book number/undivided call number, CALL (RLIN) | COO |
| 100 1# - MAIN ENTRY--PERSONAL NAME | |
| Personal name | Cook, Elizabeth |
| 9 (RLIN) | 6105 |
| 245 10 - TITLE STATEMENT | |
| Title | Working with management : |
| Remainder of title | a secretary's guide / |
| Statement of responsibility, etc. | Elizabeth Cook |
| 260 ## - PUBLICATION, DISTRIBUTION, ETC. | |
| Place of publication, distribution, etc. | Petaling Jaya : |
| Name of publisher, distributor, etc. | Pelanduk Publications (M) Sdn.Bhd., |
| Date of publication, distribution, etc. | 1994 |
| 300 ## - PHYSICAL DESCRIPTION | |
| Extent | 87p. |
| 650 #0 - SUBJECT ADDED ENTRY--TOPICAL TERM | |
| Topical term or geographic name entry element | Secretaries |
| 9 (RLIN) | 6092 |
| 650 #0 - SUBJECT ADDED ENTRY--TOPICAL TERM | |
| Topical term or geographic name entry element | Office management |
| 9 (RLIN) | 5910 |
| 650 #0 - SUBJECT ADDED ENTRY--TOPICAL TERM | |
| Topical term or geographic name entry element | Office practice |
| 9 (RLIN) | 5898 |
| 942 ## - ADDED ENTRY ELEMENTS (KOHA) | |
| Source of classification or shelving scheme | |
| Koha item type | Book |
| Withdrawn status | Lost status | Source of classification or shelving scheme | Damaged status | Not for loan | Collection code | Home library | Current library | Shelving location | Date acquired | Inventory number | Total Checkouts | Full call number | Barcode | Date last seen | Price effective from | Koha item type |
|---|---|---|---|---|---|---|---|---|---|---|---|---|---|---|---|---|
| NON-FICTION | AKMAL Melaka | AKMAL Melaka | PINJAMAN | 18.05.2017 | 001686 | 651.3741 COO | 201703302 | 18.05.2017 | 18.05.2017 | Book | ||||||
| NON-FICTION | AKMAL Melaka | AKMAL Melaka | PINJAMAN | 18.05.2017 | 001685 | 651.3741 COO | 201703303 | 18.05.2017 | 18.05.2017 | Book | ||||||
| NON-FICTION | AKMAL Melaka | AKMAL Melaka | PINJAMAN | 18.05.2017 | 001683 | 651.3741 COO | 201703306 | 18.05.2017 | 18.05.2017 | Book | ||||||
| NON-FICTION | AKMAL Melaka | AKMAL Melaka | PINJAMAN | 18.05.2017 | 001682 | 651.3741 COO | 201703305 | 18.05.2017 | 18.05.2017 | Book | ||||||
| NON-FICTION | AKMAL Melaka | AKMAL Melaka | PINJAMAN | 18.05.2017 | 001684 | 651.3741 COO | 201703304 | 18.05.2017 | 18.05.2017 | Book |
